ՀՀ Գիտությունների ազգային ակադեմիայի հիմնարար գիտական գրադարան  =   Fundamental Scientific Library of NAS RA

Технологические процессы ковки крупных поковок / (Record no. 470827)

MARC details
000 -LEADER
fixed length control field 00871nam a2200205 a 4500
001 - CONTROL NUMBER
control field 000516360
003 - CONTROL NUMBER IDENTIFIER
control field AM-YeHGA
005 - DATE AND TIME OF LATEST TRANSACTION
control field 20250617161405.0
008 - FIXED-LENGTH DATA ELEMENTS--GENERAL INFORMATION
fixed length control field 070113s1950 r 000 0 rus d
040 ## - CATALOGING SOURCE
Original cataloging agency AM-YeHGA
041 0# - LANGUAGE CODE
Language code of text/sound track or separate title rus
090 ## - LOCALLY ASSIGNED LC-TYPE CALL NUMBER (OCLC); LOCAL CALL NUMBER (RLIN)
-- 474083
100 1# - MAIN ENTRY--PERSONAL NAME
Personal name Дорохов, Н.Н.
245 10 - TITLE STATEMENT
Title Технологические процессы ковки крупных поковок /
Statement of responsibility, etc. Н.Н. Дорохов, М.Г. Златкин.
260 ## - PUBLICATION, DISTRIBUTION, ETC.
Place of publication, distribution, etc. Москва ;
-- Свердловск :
Name of publisher, distributor, etc. Машгиз,
Date of publication, distribution, etc. 1950.
300 ## - PHYSICAL DESCRIPTION
Extent 192 с. :
Other physical details табл.
504 ## - BIBLIOGRAPHY, ETC. NOTE
Bibliography, etc. note Библиогр. 5 назв.
650 14 - SUBJECT ADDED ENTRY--TOPICAL TERM
Topical term or geographic name entry element Кузнечное производство. Кузнечные цехи. Планировка оборудования кузнечных цехов. Свободная ковка и ковка в штампах
700 1# - ADDED ENTRY--PERSONAL NAME
Personal name Златкин, М.Г.
Holdings
Withdrawn status Lost status Damaged status Not for loan Collection Home library Current library Date acquired Total checkouts Full call number Barcode Date last seen Price effective from Koha item type Public note
        General Fundamental Scientific Library Fundamental Scientific Library 24/05/2018   РД III/5292 FL0491739 24/05/2018 24/05/2018 Գրքեր / Books 30 Days Loan


ՀՀ ԳԱԱ հիմնարար գիտական գրադարան
ՀՀ,Երևան 0019
Մարշալ Բաղրամյան 24/6
հեռախոս:(374-10) 52-47-50
Հետադարձ կապ

All site content, except where otherwise noted, is licensed under a
Creative Commons License